Music Based Video Games - Statistics

General Stats
  • This quiz has been taken 27 times
  • The average score is 6 of 15
Answer Stats
Hint Answer % Correct
Pick up your six-string and get to shreddin' in this arcade classic Guitar Hero
86%
These retro silhouettes guide you on how to bust a move to your favorite song Just Dance
62%
Like the above, but for 4 friends or a family to jam along with Rock Band
62%
Our blue-haired protagonist beatboxes to win over the favor of his girlfriend Friday Night Funkin'
57%
A mobile game where you collect musically talented humanoid denizens on over 15 different islands My Singing Monsters
57%
The VR hit that requires you to swing that thing at some blocks Beat Saber
52%
Grab that bar and prepare to start an uprising with your feet Dance Dance Revolution
52%
The game where Daffy "thlammed hith penith in the car door" PaRappa the Rapper
48%
A colorful cube cruises through cold chants and changes form in this cult classic Geometry Dash
43%
Take down the EDM Empire in this kick-ass third person combat game No Straight Roads
33%
Fight against robots as a wannabe-rock star in a futuristic rhythm-based game Hi-Fi Rush
29%
A game whose spirits made cameos in Super Smash Brothers Ultimate Rhythm Heaven
14%
A pretty bogus guitar game that sucks at improving your skills Rocksmith
14%
As you make beatbox tracks, discover the story of a man who single-handedly saved music Incredibox
10%
The internet mystery about a controversial rapper who wakes up in the future and duels other rappers Kanye Quest 3030
5%
No matching quizzes found
Score Distribution
Percent of People with Each Score
Percentile by Number Answered
Your Score History
You have not taken this quiz